[Event "COL-ch IRT U18 Zona North"]
[Site "Bucaramanga"]
[Date "2011.04.02"]
[Round "5.2"]
[White "Esquivia Cuadrado, Franklin Javier"]
[Black "Castro, Natalia Patricia"]
[Result "1-0"]
[WhiteElo "1909"]
[BlackElo "2032"]
[PlyCount "45"]
[EventDate "2011.03.31"]
[EventType "swiss"]
[EventRounds "6"]
[EventCountry "COL"]
[SourceTitle "EXT 2024"]
[Source "ChessBase"]
[SourceDate "2023.10.10"]
[SourceVersion "1"]
[SourceVersionDate "2023.10.10"]
[SourceQuality "1"]

1. e4 e5 2. d4 exd4 3. Nf3 Qe7 4. Bd3 d5 5. 0-0 dxe4 6. Bxe4 Nf6 7. Bg5 h6 8. Bxf6 Qxf6 9. Re1 Be7 10. Qxd4 0-0 11. Nc3 c6 12. Qe3 Bb4 13. Bd3 Bf5 14. Ne4 Qe7 15. Qf4 Bxe1 16. Qxf5 g6 17. Qf4 f5 18. Qxh6 b5 19. Qxg6+ Qg7 20. Qe6+ Qf7 21. Nf6+ Kg7 22. Qxf5 Rh8 23. Qg5+ 1-0